| 000 | 01881nam a2200337 c 4500 | ||
|---|---|---|---|
| 003 | BLK | ||
| 005 | 20241017105412.0 | ||
| 008 | 180411b bul|||||r ||||||| ||bul|| | ||
| 010 | _aKNG00191089000 | ||
| 040 | _aBLK | ||
| 041 |
_aBUL _cBUL |
||
| 080 |
_aБългарска литература _b821.163.2 _x-8 _z821.163.2-8 |
||
| 100 |
_aДебелянов, Димчо Вельов _9363389 |
||
| 700 | 1 |
_aКонстантинова, Елка _eпод ред. на _9369408 |
|
| 700 | 1 |
_aАлександрова, Надежда _eпод ред. на _9367895 |
|
| 139 |
_aДебелянов, Димчо Вельов _bД 31 |
||
| 245 | 1 | 0 |
_aСъчинения _bВ 2 т. _cДимчо Вельов Дебелянов; под ред. на Елка Константинова; под ред. на Надежда Александрова. _nТ. 1. _pЛирика ; Хумор и сатира ; Стихотворни преводи |
| 250 | _a2. попр. и доп. изд. | ||
| 257 | _aBGR | ||
| 260 |
_аСофия _bБълг. писател _c1987 |
||
| 300 | _c20 см | ||
| 380 | _aX | ||
| 500 | _a1. изд. 1983. - 3 109 тир. - Съдържа и предговори към изданията на Димчо Дебелянов - - Прил. Светлий спомен за теб... : Ил., портр., факс. / Ред. Михаил Неделчев ; Фотогр. Венцислав Лозанов. - 72 с. : с ил., портр., факс. | ||
| 760 | 1 |
_aДебелянов, Димчо Вельов _b2. попр. и доп. изд. _h376 с. : с портр. _tТ. 1. Лирика ; Хумор и сатира ; Стихотворни преводи |
|
| 852 | _aЦб 151495 | ||
| 856 | 4 |
_qpdf _u |
|
| 856 | 4 |
_qpdf _u |
|
| 942 |
_cKNG _n0 |
||
| 944 |
_aCR _c29.09.2016 _k30550 _lКети Илиева |
||
| 944 |
_aED _c29.09.2016 _kНора_Радева |
||
| 999 |
_c182166 _d182166 |
||